| 000 | 00548nam a2200181 a 4500 | ||
|---|---|---|---|
| 005 | 20180803165135.0 | ||
| 008 | 160115s2003 dk fr|||| 000 0 spa d | ||
| 040 |
_aCO-BoIAVH _cCO-BoIAVH |
||
| 041 | 0 | _aeng | |
| 082 |
_a343.034 _bG56g |
||
| 245 | 0 |
_aGlobal Biodiversity Information Facility : _bFinancial report 2001-2002 |
|
| 260 |
_aDenmark : _bKPMG , _c2003. |
||
| 300 |
_a16 páginas ; _c30 x 21 cm. |
||
| 650 | 6 | _aBiodiversidad | |
| 650 | 4 | _aAño financiero | |
| 650 | 4 | _aDeclaraciones financieras | |
| 942 |
_cLIBRO _2ddc |
||
| 999 |
_c3972 _d3972 |
||